[Event "Titled Tuesday intern op 16th Apr Early"]
[Site "Chess.com INT"]
[Date "2024.04.16"]
[Round "7"]
[White "Shapiro, Viktor"]
[Black "Wael Sabry, Mina"]
[Result "1-0"]
[WhiteElo "2113"]
[BlackElo "2033"]
[PlyCount "85"]
[EventDate "2024.04.16"]
[EventType "swiss (blitz)"]
[EventRounds "11"]
[EventCountry "USA"]
[SourceTitle "CB17_2024"]
[SourceDate "2024.04.24"]
[SourceVersion "1"]
[SourceVersionDate "2024.04.24"]
[SourceQuality "1"]

1. c4 Nf6 2. Nc3 g6 3. Nf3 Bg7 4. d4 0-0 5. Bg5 d6 6. e3 c5 7. Be2 Nc6 8. d5 Na5 9. Nd2 a6 10. a4 Rb8 11. 0-0 Qc7 12. h4 e6 13. e4 exd5 14. exd5 Bf5 15. g4 Bd7 16. h5 Rfe8 17. h6 Bh8 18. Bf3 Qc8 19. Bxf6 Bxf6 20. Nce4 Be5 21. b3 b5 22. axb5 Nb7 23. Rxa6 Qd8 24. g5 Bf5 25. Bg4 Qd7 26. Bxf5 Qxf5 27. Qf3 Bf4 28. Kg2 Re5 29. Rfa1 Rbe8 30. Ra8 Nd8 31. Kf1 f6 32. Nxf6+ Kf7 33. Nxe8 Kxe8 34. Rd1 Re7 35. b6 Kd7 36. Ra7+ Ke8 37. Rxe7+ Kxe7 38. Qe4+ Qxe4 39. Nxe4 Kd7 40. Ra1 Nb7 41. Ra7 Kc8 42. Ra8+ Kd7 43. Rh8 1-0

[Event "Wch FIDE Online U10 Africa qual"]
[Site "Tornelo INT"]
[Date "2020.11.29"]
[Round "5"]
[White "Moustafa Mohamed, Adham"]
[Black "Wael Sabry, Mina"]
[Result "0-1"]
[WhiteElo "1146"]
[BlackElo "1449"]
[PlyCount "98"]
[EventDate "2020.11.28"]
[EventType "swiss (rapid)"]
[EventRounds "7"]
[EventCountry "ISS"]
[SourceTitle "EXT 2022"]
[Source "ChessBase"]
[SourceDate "2021.10.06"]
[SourceVersion "1"]
[SourceVersionDate "2021.10.06"]
[SourceQuality "1"]

1. e4 e5 2. Nf3 Nc6 3. Bc4 Nf6 4. Nc3 Bc5 5. d3 d6 6. h3 Be6 7. Bb3 0-0 8. 0-0 h6 9. Be3 Bb6 10. d4 exd4 11. Nxd4 Bxb3 12. axb3 Nxd4 13. Bxd4 Bxd4 14. Qxd4 b6 15. Rfe1 Re8 16. Rad1 Qe7 17. Qe3 Rad8 18. e5 dxe5 19. Rxd8 Qxd8 20. Nb5 a6 21. Na7 Qa8 22. Nc6 Qxc6 23. Qc3 Qxc3 24. bxc3 Nd5 25. c4 Nf4 26. g3 Nxh3+ 27. Kg2 Ng5 28. f4 Nh7 29. fxe5 f6 30. Kf3 Rxe5 31. Rxe5 fxe5 32. Ke4 Kf7 33. Kd5 Ke7 34. b4 Nf6+ 35. Kxe5 c5 36. b5 a5 37. Kf4 Kd6 38. Ke3 Ke5 39. Kd2 Kd4 40. g4 Ne4+ 41. Kc1 Kc3 42. g5 a4 43. gxh6 gxh6 44. Kb1 h5 45. Ka1 h4 46. Ka2 h3 47. Ka3 h2 48. Ka2 h1Q 49. Ka3 Qa1# 0-1

[Event "Wch FIDE Online U10 Africa qual"]
[Site "Tornelo INT"]
[Date "2020.11.29"]
[Round "3"]
[White "Wael Sabry, Mina"]
[Black "George Samir, David"]
[Result "0-1"]
[WhiteElo "1449"]
[BlackElo "1421"]
[PlyCount "124"]
[EventDate "2020.11.28"]
[EventType "swiss (rapid)"]
[EventRounds "7"]
[EventCountry "ISS"]
[SourceTitle "EXT 2022"]
[Source "ChessBase"]
[SourceDate "2021.10.06"]
[SourceVersion "1"]
[SourceVersionDate "2021.10.06"]
[SourceQuality "1"]

1. e4 c5 2. Nf3 d6 3. d4 cxd4 4. Nxd4 Nf6 5. Nc3 Nc6 6. Bg5 e6 7. Qd2 a6 8. 0-0-0 Bd7 9. f3 Be7 10. h4 Rc8 11. Kb1 b5 12. Nb3 b4 13. Ne2 Ne5 14. Nec1 Nc4 15. Bxc4 Rxc4 16. Bxf6 Bxf6 17. Qxd6 Qc7 18. Qxc7 Rxc7 19. Nd3 Be7 20. Ne5 Bb5 21. Nd4 Rc5 22. Nd3 Bxd3 23. Rxd3 Bf6 24. Nb3 Rc7 25. h5 h6 26. Rhd1 Ke7 27. g3 Rhc8 28. f4 e5 29. R3d2 Rc4 30. Re2 R8c7 31. Rd5 Ke6 32. f5+ Ke7 33. Na5 R4c5 34. Rxc5 Rxc5 35. Nb3 Rc4 36. Nd2 Rd4 37. b3 Bg5 38. Kc1 Bxd2+ 39. Rxd2 Rxe4 40. Rd3 Rd4 41. Rxd4 exd4 42. Kd2 Kd6 43. Kd3 Ke5 44. g4 Kf4 45. Kxd4 Kxg4 46. Kc4 Kxf5 47. Kxb4 g5 48. hxg6 fxg6 49. c4 g5 50. c5 g4 51. c6 Ke6 52. Kc5 g3 53. Kb6 g2 54. c7 g1Q+ 55. Kb7 Qg2+ 56. Kb8 Qg8+ 57. Kb7 Qf7 58. Kb8 Qf4 59. Kb7 Qb4+ 60. Kxa6 Kd7 61. a4 Kxc7 62. a5 Qb7# 0-1